Com vaig veure Rússia / Carles Pi i Sunyer ; edició a cura de Francesc Vilanova
Descripción Física:
109 p. ; 20'5 cm
Colección:
Biblioteca Carles Pi i Sunyer
Otros Autores:
Vilanova, Francesc
Materias:
Rússia -- Descripcions i viatges
MARC
| LEADER | 00000nam a2200000Ia 4500 | ||
|---|---|---|---|
| 001 | 9690 | ||
| 008 | 160829s1992 xx 000 0 cat d | ||
| 080 | |a H-1-177 | ||
| 100 | 1 | |a Pi i Sunyer, Carles, |d 1888-1971 |9 55456 | |
| 245 | |a Com vaig veure Rússia / Carles Pi i Sunyer ; edició a cura de Francesc Vilanova | ||
| 260 | |a Barcelona : |b Fundació Carles Pi i Sunyer d'Estudis Autonòmics i Locals, |c 1992 | ||
| 300 | |a 109 p. ; |c 20'5 cm | ||
| 490 | |a Biblioteca Carles Pi i Sunyer | ||
| 650 | |a Rússia |x Descripcions i viatges |9 35647 | ||
| 700 | |a Vilanova, Francesc |e editor literari |9 37678 | ||
| 710 | 1 | |a Fundació Carles Pi i Sunyer d'Estudis Autonòmics i Locals |9 52753 | |
| 901 | |a Arxiu | ||
| 942 | |n 1 |2 udc | ||
| 952 | |0 0 |1 0 |4 0 |6 H1177 |7 1 |9 47008 |a Arxiu |b Arxiu |d 2016-12-01 |l 0 |o H-1-177 |p 9690 |r 2016-12-01 00:00:00 |w 2016-12-01 |y ARXIU | ||
| 999 | |c 50801 |d 50801 | ||